Género y masculinidad: relaciones y prácticas culturales /
Al contrario del determinismo biológico y psicológico que definen a la identidad de genero como una expresión ya de la fisiología, ya de estructuras psicológicas producto de la evolución humana, el punto de partida de este articulo es que la organización y significado de la sexualidad masculina depe...
Uloženo v:
| Hlavní autor: | |
|---|---|
| Médium: | Text |
| Témata: | |
| Tagy: |
Přidat tag
Žádné tagy, Buďte první, kdo vytvoří štítek k tomuto záznamu!
|
MARC
| LEADER | 00000 a a2200000 04500 | ||
|---|---|---|---|
| 001 | 14540 | ||
| 003 | |||
| 040 | |||
| 100 | |a Gutiérrez Lozano, Saúl | ||
| 245 | |a Género y masculinidad: |b relaciones y prácticas culturales / |c Saúl Gutiérrez Lozano | ||
| 520 | |a Al contrario del determinismo biológico y psicológico que definen a la identidad de genero como una expresión ya de la fisiología, ya de estructuras psicológicas producto de la evolución humana, el punto de partida de este articulo es que la organización y significado de la sexualidad masculina depende del contexto en el cual interactúan hombres y mujeres. Se discute en este texto que la sexualidad, el placer sexual y la masculinidad dentro del matrimonio adquieren un significado particular en concordancia con el contexto creado | ||
| 650 | |a GENERO | ||
| 650 | |a SEXUALIDAD | ||
| 650 | |a IDENTIDAD | ||
| 650 | |a CULTURA | ||
| 773 | |g número 111 (I) - 112 (II; páginas 155-175) | ||
| 999 | |c 25092 |d 25092 | ||
| 773 | 0 | |0 18728 |9 3030 |a Universidad de Costa Rica |d San José, Costa Rica Editorial UCR 1956- |o 03464 |t Revista de Ciencias Sociales/ |x 04825276 | |
